Les plus gros transferts du football - Milieux défensifs - 2013-2014 - Statistiques

Statistiques générales
  • Ce quiz a été pris 28 fois
  • Le résultat moyen est 5 sur 11
Statistiques - réponses
Montant de transfert (M €) Nationalité Venant de Allant à Joueur % Correct
40,00 Brésil Shakhtar D. Manchester City Fernandinho
100%
25,00 Serbie Benfica Chelsea Nemanja Matic
79%
20,00 République centrafricaine / France Séville FC AS Monaco Geoffrey Kondogbia
75%
16,00 Brésil Bayern Munich VfL Wolfsburg Luiz Gustavo
57%
32,00 Espagne Real Sociedad Real Madrid Asier Illarramendi
50%
14,50 Kenya Celtic Glasgow Southampton Victor Wanyama
39%
11,00 Brésil Grêmio Shakhtar D. Fernando
32%
11,00 France Toulouse Tottenham Étienne Capoue
29%
12,00 France Anzhi Loko Moscou Lassana Diarra
18%
15,00 Russie Anzhi Dynamo Moscou Igor Denisov
0%
15,00 Russie Zenit S-Pb Anzhi Igor Denisov
0%
Aucun quiz correspondant
Distribution des résultats
% des personnes avec chaque résultat
Percentile par nombre de réponses
Votre historique - résultats
Vous n’avez pas pris ce quiz